Normal view
MARC view
- Hall, Amy M.,
Entry Personal Name
001 - CONTROL NUMBER
- control field: 6460
003 - CONTROL NUMBER IDENTIFIER
- control field: URS
005 - DATE AND TIME OF LATEST TRANSACTION
- control field: 20250909131842.0
008 - FIXED-LENGTH DATA ELEMENTS
- fixed length control field: 250909|| aca||aabn | a|a d
040 ## - CATALOGING SOURCE
- Original cataloging agency: URS
100 ## - HEADING--PERSONAL NAME
- Personal name: Hall, Amy M.,
- Relator term: author.







Phil. Journal of Health Research & Development
Phil. Journal of Neurology
Philippine Journal of Nuclear Medicine
Philippine Journal of Ophthalmology







Philippine eJournals
Tritech Digital Media
Bangko Sentral ng Pilipinas Resources













